000 00631cam a22002171 4500
001 sa 68003253
003 DLC
005 20260227112451.0
008 890706s1962 ii c 000 0 tamo
010 _asa 68003253
035 _a(OCoLC)19974930
040 _aDLC
_cWaU
_dDLC
050 0 0 _aPL4759.T63
_bN3
100 1 _aNāyuṭu, A. Ki.
_q(A. Kiruṣṇacāmi),
_d1888-
245 1 0 _aTolkāppiyar kaṇṭa Tamil̲ar camutāyam.
260 _c1962.
300 _a14, 4, 539, 5 p.
_bports.
_c21 cm.
500 _aIn Tamil.
600 0 0 _aTolkāppiyar.
_tTolkāppiyam.
650 0 _aTamil (Indic people)
_xSocial life and customs.
999 _c79340
_d79340